03390cam a2200313 i 4500003000900000005001700009008004100026040003400067072000800101082002000109090001000129100008700139245012500226250003300351264007800384300002900462336003600491337003500527338002900562650004900591856056700640856055201207856056701759856056702326942001702893949003202910952011902942999001503061SA-RiAUC20250222121656.0250222s2007 su g 00010 ara c aSA-RiKAPLbaracSA-RiAUCerda 7a02604a237.3qSA-RiAUC a237.31 aابن سبيل، محمد بن عبد الله،d1345-1434 هجريeمؤلف.10aمن هدي المصطفى صلى الله عليه وسلم /cتأليف محمد بن عبد الله السبيل. aالطبعة الأولى. 1aالرياض :bدار الصميعي للنشر والتوزيع،c2007 a397 صفحة ؛c24 سم aنصbtxt2rdacontent3كتاب aبدون وسيطbn2rdamedia aمجلدbnc2rdacarrier 7aالحديثxجوامع الفنون2aucsh uhttp://saaid.net/book/open.php?cat=94&book=14569yExternal Link2 نرجو الانتباه لإمكانية وجود اختلاف في الطبعة أو الناشر بين البيانات على البوابة وما ستجده على الكتاب نظرا لمحدودية المعلومات المتاحة على الموقع الناشر للمادة.3Please note that there may be a difference in the edition or publisher between the data on the portal and the book due to the limited information available on the publisher website for the material. uhttp://saaid.net/book/20/14860.pdfyDigital Copy2 نرجو الانتباه لإمكانية وجود اختلاف في الطبعة أو الناشر بين البيانات على البوابة وما ستجده على الكتاب نظرا لمحدودية المعلومات المتاحة على الموقع الناشر للمادة.3Please note that there may be a difference in the edition or publisher between the data on the portal and the book due to the limited information available on the publisher website for the material. uhttp://saaid.net/book/open.php?cat=94&book=14569yExternal Link2 نرجو الانتباه لإمكانية وجود اختلاف في الطبعة أو الناشر بين البيانات على البوابة وما ستجده على الكتاب نظرا لمحدودية المعلومات المتاحة على الموقع الناشر للمادة.3Please note that there may be a difference in the edition or publisher between the data on the portal and the book due to the limited information available on the publisher website for the material. uhttp://saaid.net/book/open.php?cat=94&book=14569yExternal Link2 نرجو الانتباه لإمكانية وجود اختلاف في الطبعة أو الناشر بين البيانات على البوابة وما ستجده على الكتاب نظرا لمحدودية المعلومات المتاحة على الموقع الناشر للمادة.3Please note that there may be a difference in the edition or publisher between the data on the portal and the book due to the limited information available on the publisher website for the material. 2ddccBOOKn0 aSA-JeALMd250222ueid123n1 00102ddc4070aWAHABbWAHABd2025-02-22l0o237.3 ا ب ن سp000010139r2025-02-22 12:18:53w2025-02-22yBOOK c6150d6150